[Event "39th Zurich Christmas"]
[Site "Zurich SUI"]
[Date "2015.12.29"]
[Round "5.2"]
[White "Georgiev, Kiril"]
[Black "Bauer, Christian"]
[Result "1/2-1/2"]
[WhiteTitle "GM"]
[BlackTitle "GM"]
[WhiteElo "2627"]
[BlackElo "2624"]
[WhiteFideId "2900017"]
[BlackFideId "603767"]
[EventDate "2015.12.26"]

1. d4 a6 2. e4 e6 3. c4 d5 4. exd5 exd5 5. Nc3 Nf6 6. Bg5 Bb4 7. cxd5 O-O 8. Bc4
Nbd7 9. Ne2 h6 10. Bh4 Be7 11. Bxf6 Nxf6 12. O-O b5 13. Bb3 Bb7 14. Rc1 b4 15.
Na4 Bd6 16. Ng3 Bxg3 17. hxg3 Bxd5 18. Re1 Bxb3 19. Qxb3 a5 20. Qc4 Qd6 21. Qxc7
Qxd4 22. Rcd1 Qa7 23. Qxa7 Rxa7 24. f3 Rc8 25. Re2 1/2-1/2

[Event "39th Zurich Christmas"]
[Site "Zurich SUI"]
[Date "2015.12.29"]
[Round "5.3"]
[White "Gundavaa, Bayarsaikhan"]
[Black "Cvitan, Ognjen"]
[Result "1-0"]
[WhiteTitle "GM"]
[BlackTitle "GM"]
[WhiteElo "2506"]
[BlackElo "2499"]
[WhiteFideId "4901045"]
[BlackFideId "14500086"]
[EventDate "2015.12.26"]

1. e4 c5 2. Nf3 d6 3. Bb5+ Bd7 4. Bxd7+ Qxd7 5. c4 Nf6 6. Nc3 g6 7. d4 cxd4 8.
Nxd4 Bg7 9. f3 O-O 10. Be3 Nc6 11. Rc1 a6 12. O-O Rfc8 13. Nde2 Qd8 14. Qd2 Qa5
15. Rfd1 Nd7 16. b3 Kf8 17. Qe1 b5 18. cxb5 axb5 19. Qh4 Nb4 20. Qxh7 Nf6 21.
Qh3 Rc6 22. Nd4 Rca6 23. a3 Qxa3 24. Ncxb5 Qa5 25. Nc7 Na2 26. Nxa8 Nxc1 27.
Qc8+ Ne8 28. Nc7 Qxc7 29. Qxa6 Qc3 30. Bxc1 1-0

[Event "39th Zurich Christmas"]
[Site "Zurich SUI"]
[Date "2015.12.29"]
[Round "5.4"]
[White "Studer, Noel"]
[Black "Vorobiov, Evgeny E."]
[Result "0-1"]
[WhiteTitle "IM"]
[BlackTitle "GM"]
[WhiteElo "2404"]
[BlackElo "2574"]
[WhiteFideId "1319620"]
[BlackFideId "4121341"]
[EventDate "2015.12.26"]

1. e4 c5 2. Nf3 e6 3. d4 cxd4 4. Nxd4 Nf6 5. Nc3 d6 6. Be3 a6 7. f3 b5 8. Qd2
Nbd7 9. g4 h6 10. h4 b4 11. Na4 d5 12. exd5 Nxd5 13. O-O-O Qc7 14. Bd3 Ne5 15.
Nb3 Bd7 16. Nac5 Bb5 17. Kb1 Nxd3 18. cxd3 Rc8 19. Rc1 Qg3 20. Rhf1 Be7 21. g5
hxg5 22. Ne4 Rxc1+ 23. Nxc1 Qh3 24. Rg1 Qxf3 25. Bxg5 f6 26. Rg3 Qf5 27. Qc2 Kf7
28. Be3 Nxe3 29. Rxe3 Rxh4 30. Qc8 Bxd3+ 31. Rxd3 Qxe4 0-1

[Event "39th Zurich Christmas"]
[Site "Zurich SUI"]
[Date "2015.12.29"]
[Round "5.5"]
[White "Shvayger, Yuliya"]
[Black "Pelletier, Yannick"]
[Result "0-1"]
[WhiteTitle "WIM"]
[BlackTitle "GM"]
[WhiteElo "2383"]
[BlackElo "2571"]
[WhiteFideId "14100126"]
[BlackFideId "1301837"]
[EventDate "2015.12.26"]

1. e4 c5 2. Nf3 e6 3. c4 a6 4. Nc3 Qc7 5. Be2 b6 6. O-O Bb7 7. d4 cxd4 8. Nxd4
Nf6 9. Qd3 Bb4 10. f3 O-O 11. Bg5 Nc6 12. Nxc6 Bxc6 13. Kh1 Qd6 14. Be3 Rfb8 15.
Rfd1 Qxd3 16. Rxd3 b5 17. c5 Ba5 18. b3 Bc7 19. Bd4 Kf8 20. Rdd1 Ke7 21. b4 h6
22. Rdb1 e5 23. Bf2 d6 24. a4 bxa4 25. Nxa4 Nd7 26. cxd6+ Bxd6 27. Be1 Kd8 28.
Nc3 Bxb4 29. Rxa6 Rxa6 30. Bxa6 Bxc3 31. Rxb8+ Nxb8 32. Bxc3 Nxa6 33. Bxe5 g6
34. h4 h5 35. Kh2 Kd7 36. Kh3 Nc5 37. g4 Nd3 38. Bg7 Ba4 39. Kg3 Bd1 40. Bc3 Kd6
41. Bd4 hxg4 42. fxg4 Ne5 43. h5 gxh5 44. gxh5 Bxh5 45. Kf4 Nd7 46. Bc3 Ke6 47.
Bd4 Bg6 48. Bc3 Nc5 49. Ba5 Nxe4 50. Bc7 Nc3 51. Bb8 Nd5+ 52. Kg4 Bd3 53. Kf3
Kf5 54. Bg3 Bc2 55. Bh2 Bd1+ 56. Kf2 Ke4 57. Bb8 f5 58. Ke1 Ba4 59. Kd2 Bb5 60.
Ke1 f4 61. Bxf4 Kxf4 62. Kd2 Bc4 63. Kc2 Ke3 64. Kc1 Kd3 65. Kb2 Nb4 66. Ka1 Kc3
67. Kb1 Nc2 68. Kc1 Ba2 69. Kd1 Nd4 70. Ke1 Kd3 71. Kf2 Ne2 72. Kf3 Be6 73. Kf2
Bg4 74. Ke1 Ng3 75. Kf2 Ne4+ 76. Ke1 Ke3 77. Kf1 Kd2 78. Kg2 Ke2 79. Kh1 Kf2 80.
Kh2 Bc8 0-1

[Event "39th Zurich Christmas"]
[Site "Zurich SUI"]
[Date "2015.12.29"]
[Round "5.6"]
[White "Burmakin, Vladimir"]
[Black "Minko, Vladimir"]
[Result "1/2-1/2"]
[WhiteTitle "GM"]
[BlackTitle "FM"]
[WhiteElo "2556"]
[BlackElo "2361"]
[WhiteFideId "4105109"]
[BlackFideId "24146706"]
[EventDate "2015.12.26"]

1. d4 Nf6 2. c4 e6 3. g3 Bb4+ 4. Bd2 c5 5. Bxb4 cxb4 6. Bg2 a5 7. e3 O-O 8. Ne2
d6 9. a3 Na6 10. O-O Qc7 11. axb4 Nxb4 12. Na3 Bd7 13. Nc3 d5 14. Qb3 Bc6 15.
cxd5 exd5 16. Nc2 Nxc2 17. Qxc2 Qd7 18. Rfc1 Rfc8 19. Qd1 b5 20. Ne2 b4 21. Nf4
Qb7 22. Nd3 Ne4 23. Nc5 Nxc5 24. Rxc5 a4 25. Rac1 a3 26. bxa3 bxa3 27. Ra1 a2
28. Bh3 Rcb8 29. Bf5 Ba4 30. Qc1 Bb3 31. Rc7 Qb4 32. Bd3 g6 33. Kg2 Qa3 34. Qxa3
Rxa3 35. Rc3 Rba8 36. Rc5 R8a4 37. Rb5 Bd1 38. Bf1 Rc3 39. Rxd1 a1=Q 40. Rxa1
Rxa1 41. Rxd5 Ra2 42. Rc5 Rxc5 43. dxc5 Rc2 44. h4 Rxc5 45. Kf3 Kg7 46. Bd3 Kf6
47. Ke2 Ra5 48. Kf3 h6 49. Ke2 Ra2+ 50. Kf3 Rb2 51. Bc4 Ke7 52. Bd5 Rd2 53. Bc4
f6 54. Bb3 Kd6 55. Bf7 g5 56. hxg5 hxg5 57. g4 Kc5 58. Kg3 Kb4 59. f4 1/2-1/2

[Event "39th Zurich Christmas"]
[Site "Zurich SUI"]
[Date "2015.12.29"]
[Round "5.7"]
[White "Riff, Vincent"]
[Black "Bogner, Sebastian"]
[Result "1/2-1/2"]
[WhiteTitle "FM"]
[BlackTitle "GM"]
[WhiteElo "2372"]
[BlackElo "2546"]
[WhiteFideId "617776"]
[BlackFideId "4692055"]
[EventDate "2015.12.26"]

1. c4 Nf6 2. Nc3 g6 3. Nf3 Bg7 4. e4 d6 5. d4 O-O 6. h3 e5 7. d5 Nh5 8. g3 Qe8
9. Be2 f5 10. exf5 gxf5 11. Nh4 Nf6 12. Qc2 Na6 13. a3 Nc5 14. Be3 Nfe4 15. Nxe4
Nxe4 16. g4 1/2-1/2

[Event "39th Zurich Christmas"]
[Site "Zurich SUI"]
[Date "2015.12.29"]
[Round "5.8"]
[White "Gonda, Laszlo"]
[Black "Kheit, Wahbi"]
[Result "1/2-1/2"]
[WhiteTitle "GM"]
[WhiteElo "2544"]
[BlackElo "2306"]
[WhiteFideId "720852"]
[BlackFideId "2815702"]
[EventDate "2015.12.26"]

1. d4 d5 2. Bf4 Nf6 3. e3 e6 4. Nd2 Bd6 5. Bg3 O-O 6. Bd3 c5 7. c3 b6 8. e4 Be7
9. e5 Nfd7 10. Qb1 g6 11. Ne2 Nc6 12. a3 a5 13. h4 Ba6 14. h5 Bxd3 15. Qxd3 g5
16. O-O Kh8 17. Rad1 f5 18. exf6 Nxf6 19. h6 Ng4 1/2-1/2

[Event "39th Zurich Christmas"]
[Site "Zurich SUI"]
[Date "2015.12.29"]
[Round "5.13"]
[White "Kamber, Bruno"]
[Black "Kurmann, Oliver"]
[Result "0-1"]
[WhiteTitle "FM"]
[BlackTitle "IM"]
[WhiteElo "2295"]
[BlackElo "2435"]
[WhiteFideId "1300504"]
[BlackFideId "1308173"]
[EventDate "2015.12.26"]

1. e4 c5 2. Nc3 e6 3. Nge2 a6 4. g3 b5 5. Bg2 Bb7 6. d4 cxd4 7. Nxd4 b4 8. Na4
Nf6 9. O-O Bxe4 10. Bxe4 Nxe4 11. Re1 Nc5 12. Qf3 Ra7 13. Be3 Rc7 14. Nb6 Be7
15. a3 bxa3 16. b4 Nb7 17. Na8 Rc6 18. c3 Bf6 19. b5 axb5 20. Nxc6 Nxc6 21. Rxa3
O-O 22. Qe2 Qe7 23. Bc1 b4 24. cxb4 Qxb4 25. Rd1 Nd4 26. Qd2 Qb5 27. Kg2 Qc6+
28. f3 Nd6 29. Qa2 N6b5 30. Qf2 Nxa3 0-1

[Event "39th Zurich Christmas"]
[Site "Zurich SUI"]
[Date "2015.12.29"]
[Round "5.14"]
[White "Salzgeber, Frank"]
[Black "Habu, Yoshiharu"]
[Result "0-1"]
[BlackTitle "FM"]
[WhiteElo "2208"]
[BlackElo "2398"]
[WhiteFideId "1304860"]
[BlackFideId "7000537"]
[EventDate "2015.12.26"]

1. d4 d5 2. c4 c6 3. Nf3 Nf6 4. Nc3 e6 5. Bg5 h6 6. Bxf6 Qxf6 7. e3 Nd7 8. Bd3
dxc4 9. Bxc4 Bd6 10. O-O Qe7 11. e4 e5 12. d5 Nb6 13. Be2 O-O 14. dxc6 bxc6 15.
Qc2 Rd8 16. Rfd1 Bg4 17. Nd2 Bxe2 18. Nxe2 Rac8 19. Rac1 g6 20. h3 h5 21. Ng3
Qe6 22. a3 Be7 23. Nf3 c5 24. Qc3 c4 25. Rxd8+ Bxd8 26. Qa5 Nd7 27. Qd5 Qxd5 28.
exd5 f5 29. Ne2 Bf6 30. Nd2 Nb6 31. b3 Bg5 32. f4 exf4 33. Nf3 Be7 34. bxc4 Rxc4
35. Rxc4 Nxc4 36. Nxf4 Bxa3 37. Nxg6 a5 38. Kf2 a4 39. Ke2 Bd6 40. Nd2 a3 41.
Nxc4 a2 42. Nxd6 a1=Q 43. Ne7+ Kg7 44. Ndxf5+ Kf6 45. h4 Qa3 46. Kf2 Ke5 47. d6
Kf4 48. Kg1 Qc1+ 49. Kh2 Qd1 50. Ng3 Qxd6 51. Nef5 Qd3 52. Kh3 Qc3 53. Kh2 Kg4
54. Ne2 Qe5+ 55. Neg3 Qe1 56. Nh6+ Kxh4 57. Ngf5+ Kg5 58. g3 Qf1 0-1

[Event "39th Zurich Christmas"]
[Site "Zurich SUI"]
[Date "2015.12.29"]
[Round "5.15"]
[White "Wuethrich, Lorenz"]
[Black "Weindl, Alfred"]
[Result "0-1"]
[BlackTitle "IM"]
[WhiteElo "2139"]
[BlackElo "2336"]
[WhiteFideId "1314327"]
[BlackFideId "4600738"]
[EventDate "2015.12.26"]

1. d4 Nf6 2. c4 c5 3. d5 b5 4. cxb5 a6 5. f3 Bb7 6. Nc3 e6 7. e4 exd5 8. exd5
Bd6 9. Bc4 Qc7 10. Bg5 Bxh2 11. Bxf6 gxf6 12. Qe2+ Kd8 13. O-O-O Re8 14. d6 Bxd6
15. Qd3 Be5 16. Nge2 h6 17. Kb1 axb5 18. Nxb5 Qb6 19. Nec3 Bc6 20. Nd6 Qb4 21.
Nxf7+ Kc8 22. Nxe5 fxe5 23. Rxh6 Ra7 24. Bf7 Rb7 25. Rd2 Rf8 26. Qd6 Rd8 27. Kc1
Qf4 28. Rf6 Qe3 29. Bd5 Rxb2 30. Bxc6 Qxc3+ 0-1

[Event "39th Zurich Christmas"]
[Site "Zurich SUI"]
[Date "2015.12.29"]
[Round "5.18"]
[White "Solomonik, Edgar"]
[Black "Bindrich, Falko"]
[Result "0-1"]
[BlackTitle "GM"]
[WhiteElo "1883"]
[BlackElo "2583"]
[WhiteFideId "2083361"]
[BlackFideId "4676670"]
[EventDate "2015.12.26"]

1. Nf3 d5 2. d4 Nf6 3. g3 c6 4. Bg2 Bf5 5. c4 e6 6. O-O h6 7. Nc3 Nbd7 8. Nd2
Be7 9. e4 dxe4 10. Ndxe4 Nxe4 11. Nxe4 O-O 12. b3 Qa5 13. Bd2 Qa6 14. a4 Rad8
15. Bc3 Nf6 16. Re1 Rd7 17. a5 Rfd8 18. Qc2 Nxe4 19. Bxe4 Bxe4 20. Rxe4 Bf6 21.
Qb2 c5 22. dxc5 Rd2 23. Bxf6 Rxb2 24. Bxb2 Rd2 25. Bc3 Rd3 26. Rc1 Qc6 27. Rd4
Rxd4 28. Bxd4 g5 29. b4 a6 30. b5 axb5 31. cxb5 Qxb5 32. c6 bxc6 33. Ra1 Qa6 34.
Bb6 Kg7 35. Rc1 Qb5 36. Ra1 Qb2 37. Ra4 Qb1+ 38. Kg2 Qb5 39. Ra1 Qa6 40. Kg1 Kg6
41. h3 f5 42. Rc1 Qb5 43. Ra1 Qb2 44. Ra4 Qb1+ 45. Kh2 Qb5 46. Ra1 f4 47. gxf4
gxf4 48. Bc7 Qb2 49. Rg1+ Kf5 50. Kg2 Qg7+ 0-1

[Event "39th Zurich Christmas"]
[Site "Zurich SUI"]
[Date "2015.12.29"]
[Round "5.20"]
[White "Klauser, Markus"]
[Black "Hugentobler, Patrick"]
[Result "0-1"]
[WhiteTitle "IM"]
[BlackTitle "FM"]
[WhiteElo "2393"]
[BlackElo "2188"]
[WhiteFideId "1300334"]
[BlackFideId "1301497"]
[EventDate "2015.12.26"]

1. e4 Nf6 2. e5 Nd5 3. d4 d6 4. Nf3 dxe5 5. c4 Nf6 6. Nxe5 Nbd7 7. Nxd7 Bxd7 8.
Nc3 c6 9. Be2 Bf5 10. Bf3 e6 11. O-O Bd6 12. Re1 O-O 13. Bg5 h6 14. Bh4 Re8 15.
Bg3 Bxg3 16. hxg3 Qd7 17. Ne4 Rad8 18. Qb3 b6 19. Rad1 Bg4 20. Nc3 Bxf3 21. gxf3
Qc7 22. Ne4 Nd7 23. c5 b5 24. f4 Nf6 25. Nxf6+ gxf6 26. Qf3 Rd5 27. f5 Rxf5 28.
Qxf5 exf5 29. Rxe8+ Kg7 30. d5 Qd7 31. Re3 f4 32. Rf3 cxd5 33. Rxf4 Qe6 34. Rfd4
f5 35. b4 f6 36. Rxd5 f4 37. R5d3 Qxa2 38. gxf4 Qc4 39. Rd4 Qc3 40. f5 h5 41.
R1d3 Qc2 42. Rg3+ Kf7 43. Rd7+ Kf8 44. Rdd3 h4 45. Rge3 Qc4 46. Rc3 Qg4+ 47. Kh1
Qd1+ 48. Kh2 Qf1 49. Rc2 Qd1 50. Rce2 Qd5 51. Re4 a5 52. bxa5 Qxc5 53. f4 Qxf5
54. a6 Qc5 55. Re8+ Kf7 56. R8e7+ Kg6 57. a7 Qa3 58. R2e3 Qa2+ 59. Kh3 Kf5 60.
Re2 Qa3+ 61. Kxh4 Qf3 62. Rg7 Qxe2 0-1

[Event "39th Zurich Christmas"]
[Site "Zurich SUI"]
[Date "2015.12.29"]
[Round "5.21"]
[White "Knoedler, Dieter"]
[Black "Kriste, Vincent"]
[Result "0-1"]
[WhiteTitle "FM"]
[WhiteElo "2333"]
[BlackElo "2178"]
[WhiteFideId "4606531"]
[BlackFideId "1309714"]
[EventDate "2015.12.26"]

1. c4 e5 2. g3 Nc6 3. Nc3 g6 4. Bg2 Bg7 5. e4 d6 6. Nge2 Nge7 7. d3 O-O 8. O-O
Be6 9. Nd5 Qd7 10. Be3 f5 11. Qd2 Rf7 12. f3 Raf8 13. Rac1 Nc8 14. b4 Nb6 15. b5
Nd4 16. Bxd4 exd4 17. Nef4 fxe4 18. fxe4 Be5 19. Qa5 Bg4 20. h3 g5 21. hxg4 gxf4
22. gxf4 Bxf4 23. Nxf4 Rxf4 24. Rxf4 Rxf4 25. Qxa7 Rxg4 26. Rc2 Rg3 27. Rd2 Qc8
28. a4 Nd7 29. Qxd4 Ne5 30. Kf1 b6 31. Qd5+ Kg7 32. d4 Nf3 33. Rf2 Qg4 34. e5
Ng5 35. Ke1 Rb3 36. exd6 Rb1+ 37. Kd2 Rb2+ 38. Ke1 Rb1+ 39. Kd2 Qd1+ 40. Ke3
Qe1+ 41. Re2 Qg3+ 42. Kd2 Rb2+ 0-1

[Event "39th Zurich Christmas"]
[Site "Zurich SUI"]
[Date "2015.12.29"]
[Round "6.2"]
[White "Bauer, Christian"]
[Black "Kunin, Vitaly"]
[Result "1/2-1/2"]
[WhiteTitle "GM"]
[BlackTitle "GM"]
[WhiteElo "2624"]
[BlackElo "2572"]
[WhiteFideId "603767"]
[BlackFideId "4128737"]
[EventDate "2015.12.26"]

1. e4 e5 2. Nf3 Nf6 3. Nc3 Nc6 4. Bb5 Bd6 5. d3 h6 6. a3 a6 7. Bc4 Bc5 8. Be3 d6
9. O-O O-O 10. b4 Bd4 11. Bxd4 exd4 12. Nd5 Ne5 13. Nxe5 dxe5 14. f4 Nxd5 15.
Bxd5 c6 16. Bb3 exf4 17. Rxf4 Be6 18. Bxe6 fxe6 19. Rxf8+ Qxf8 20. Qg4 Qd6 21.
Rf1 e5 22. h4 Re8 23. h5 Qe7 24. Rf5 c5 25. bxc5 Qxc5 26. Qg6 Re7 27. a4 Qxc2
28. Qd6 Re8 29. Qd7 Qc1+ 30. Kh2 Qc6 31. Qf7+ Kh8 32. a5 Qb5 33. Rf3 Rg8 34. Qc7
Qe8 35. Rf5 Qb5 36. Rf3 Qe8 37. Rf5 Qb5 38. Rf3 1/2-1/2

[Event "39th Zurich Christmas"]
[Site "Zurich SUI"]
[Date "2015.12.29"]
[Round "6.3"]
[White "Pelletier, Yannick"]
[Black "Georgiev, Kiril"]
[Result "1/2-1/2"]
[WhiteTitle "GM"]
[BlackTitle "GM"]
[WhiteElo "2571"]
[BlackElo "2627"]
[WhiteFideId "1301837"]
[BlackFideId "2900017"]
[EventDate "2015.12.26"]

1. d4 Nf6 2. c4 e6 3. g3 Bb4+ 4. Bd2 Be7 5. Bg2 d5 6. Nf3 c6 7. Qc2 b6 8. Bf4
Bb7 9. O-O O-O 10. Rd1 Na6 11. a3 dxc4 12. Qxc4 c5 13. Nc3 Qc8 14. Rac1 Rd8 15.
dxc5 Rxd1+ 16. Nxd1 Nxc5 17. b4 Nce4 18. Nd4 Qxc4 19. Rxc4 Rd8 20. Nb2 Bd6 21.
Nc6 Bxc6 22. Rxc6 Bxf4 23. gxf4 Nd6 24. Kf1 Kf8 25. Nd3 Nfe8 26. Ke1 Ke7 27. Kd2
f6 28. a4 Rc8 29. Kc3 Rxc6+ 30. Bxc6 Nc7 31. e3 Na6 32. e4 Nb8 33. Ba8 h6 34. e5
Ne8 35. b5 Nc7 36. Bb7 Nd7 37. Kd4 Nb8 38. Nb2 Nd7 39. Nd3 Nb8 40. Nb2 Nd7 1/2-1/2

[Event "39th Zurich Christmas"]
[Site "Zurich SUI"]
[Date "2015.12.29"]
[Round "6.4"]
[White "Vorobiov, Evgeny E."]
[Black "Sebenik, Matej"]
[Result "1/2-1/2"]
[WhiteTitle "GM"]
[BlackTitle "GM"]
[WhiteElo "2574"]
[BlackElo "2523"]
[WhiteFideId "4121341"]
[BlackFideId "14602296"]
[EventDate "2015.12.26"]

1. Nf3 Nf6 2. c4 e6 3. d4 d5 4. g3 Be7 5. Bg2 O-O 6. O-O dxc4 7. Qa4 a6 8. Qxc4
b5 9. Qc2 Bb7 10. Bd2 Be4 11. Qc1 c6 12. e3 Nbd7 13. Nc3 Bg6 14. Nh4 1/2-1/2

[Event "39th Zurich Christmas"]
[Site "Zurich SUI"]
[Date "2015.12.29"]
[Round "6.5"]
[White "Pikula, Dejan"]
[Black "Burmakin, Vladimir"]
[Result "0-1"]
[WhiteTitle "GM"]
[BlackTitle "GM"]
[WhiteElo "2467"]
[BlackElo "2556"]
[WhiteFideId "906379"]
[BlackFideId "4105109"]
[EventDate "2015.12.26"]

1. e4 c6 2. d4 d5 3. Nd2 dxe4 4. Nxe4 Nd7 5. c3 Ngf6 6. Nxf6+ Nxf6 7. Bc4 g6 8.
Nf3 Bg7 9. O-O O-O 10. h3 Bf5 11. Re1 Be4 12. Bg5 Bd5 13. Bf1 Qc7 14. Ne5 Rad8
15. Bf4 Qb6 16. b4 a5 17. a3 Ra8 18. Nd3 Qd8 19. Ne5 b5 20. a4 axb4 21. axb5
bxc3 22. bxc6 Nh5 23. Bh2 Bxe5 24. Rxe5 c2 25. Qc1 Rxa1 26. Qxa1 Qb6 27. Qc3 Qb1
28. Re1 Bxc6 29. Bd3 Qb7 30. g4 Bh1 31. Bf1 Rc8 32. Qa1 Ng7 33. Bf4 Ne6 34. Be3
Qc6 35. Qa7 Qb7 36. Qa1 Ra8 37. Qc3 Be4 38. d5 Qxd5 39. Bc4 Qc6 40. Qb3 Bh1 41.
Bf1 Bd5 42. Qb4 Qc7 43. Bd3 Rb8 44. Qa4 Qc3 0-1

[Event "39th Zurich Christmas"]
[Site "Zurich SUI"]
[Date "2015.12.29"]
[Round "6.6"]
[White "Bogner, Sebastian"]
[Black "Minko, Vladimir"]
[Result "1-0"]
[WhiteTitle "GM"]
[BlackTitle "FM"]
[WhiteElo "2546"]
[BlackElo "2361"]
[WhiteFideId "4692055"]
[BlackFideId "24146706"]
[EventDate "2015.12.26"]

1. e4 c5 2. Nf3 e6 3. d4 cxd4 4. Nxd4 Nc6 5. Nc3 Qc7 6. Be3 a6 7. Qf3 Nf6 8.
O-O-O h5 9. Nxc6 bxc6 10. Bf4 Qa5 11. Bc4 e5 12. Bg5 Be7 13. Qg3 Qc7 14. f4 h4
15. Qf3 d6 16. h3 Rb8 17. Rhf1 a5 18. Qd3 Qb6 19. Na4 Qb4 20. fxe5 dxe5 21. Bb3
Qb5 22. Qd2 Rb7 23. Nc3 Qb6 24. Qe1 c5 25. Bxh4 c4 26. Bf2 Qe6 27. Ba4+ Bd7 28.
Bxd7+ Nxd7 29. Nd5 Bb4 30. c3 Bc5 31. Qe2 Qa6 32. Qg4 Qh6+ 33. Kc2 O-O 34. Be3
Bxe3 35. Ne7+ Kh8 36. Rxd7 Rxd7 37. Qxd7 Qg5 38. g4 Bc5 39. Rxf7 Bxe7 40. Qxe7
Qxe7 41. Rxe7 Rf2+ 42. Kc1 Rf1+ 43. Kd2 Rf2+ 44. Ke3 Rxb2 45. Rxe5 Rxa2 46. Kd4
Kg8 47. Kxc4 a4 48. h4 Ra1 49. h5 a3 50. Kb3 a2 51. Ra5 Rg1 52. Rxa2 Rxg4 53.
Re2 Rh4 54. c4 Rxh5 55. Kb4 Kf7 56. c5 Ke6 57. Kb5 Kd7 58. Kb6 Rh1 59. Rd2+ Kc8
60. Rf2 Rb1+ 61. Kc6 Kd8 62. Rd2+ Ke8 63. Kd6 Kd8 64. e5 Re1 65. Rg2 Rd1+ 66.
Ke6 Rc1 67. Rxg7 Rxc5 68. Kd6 1-0

[Event "39th Zurich Christmas"]
[Site "Zurich SUI"]
[Date "2015.12.29"]
[Round "6.7"]
[White "Weindl, Alfred"]
[Black "Gonda, Laszlo"]
[Result "0-1"]
[WhiteTitle "IM"]
[BlackTitle "GM"]
[WhiteElo "2336"]
[BlackElo "2544"]
[WhiteFideId "4600738"]
[BlackFideId "720852"]
[EventDate "2015.12.26"]

1. Nf3 d5 2. g3 Bg4 3. Bg2 e6 4. c4 c6 5. O-O Nf6 6. cxd5 exd5 7. d3 Be7 8. e4
dxe4 9. dxe4 Qxd1 10. Rxd1 Nxe4 11. Re1 Nc5 12. Nc3 Nbd7 13. h3 Be6 14. Ng5 O-O
15. Nxe6 Nxe6 16. Be3 Rfd8 17. Ne4 Nb6 18. Rac1 Kf8 19. a3 Na4 20. Rc2 Nb6 21.
Rcc1 Nd5 22. Nc5 Bxc5 23. Bxc5+ Nxc5 24. Rxc5 Nc7 25. Rc2 Rd4 26. Re3 Rad8 27.
Kh2 Rd2 28. Rxd2 Rxd2 29. Rb3 Nb5 30. Kg1 Ke7 31. Bf1 Nd6 32. Bd3 c5 33. Bxh7 g6 0-1

[Event "39th Zurich Christmas"]
[Site "Zurich SUI"]
[Date "2015.12.29"]
[Round "6.8"]
[White "Dimitrov, Atanas"]
[Black "Stojanovic, Mihajlo"]
[Result "1/2-1/2"]
[WhiteTitle "IM"]
[BlackTitle "GM"]
[WhiteElo "2331"]
[BlackElo "2510"]
[WhiteFideId "2901315"]
[BlackFideId "916366"]
[EventDate "2015.12.26"]

1. d4 d5 2. Nf3 Nf6 3. c4 e6 4. Nc3 Nbd7 5. e3 b6 6. cxd5 exd5 7. Bb5 Bb7 8. Ne5
a6 9. Bc6 Qc8 10. Qf3 Qd8 11. Qd1 Bxc6 12. Nxc6 Qc8 13. Qb3 Qb7 14. Na5 Qc8 15.
Nc6 1/2-1/2

[Event "39th Zurich Christmas"]
[Site "Zurich SUI"]
[Date "2015.12.29"]
[Round "6.11"]
[White "Kurmann, Oliver"]
[Black "Dragnev, Valentin"]
[Result "1-0"]
[WhiteTitle "IM"]
[BlackTitle "FM"]
[WhiteElo "2435"]
[BlackElo "2356"]
[WhiteFideId "1308173"]
[BlackFideId "1634852"]
[EventDate "2015.12.26"]

1. e4 c5 2. Nf3 e6 3. d4 cxd4 4. Nxd4 Nc6 5. Nc3 Qc7 6. f4 a6 7. Nxc6 Qxc6 8.
Bd3 b5 9. Qe2 Bc5 10. Bd2 Ne7 11. a3 Bb7 12. O-O-O Rc8 13. Kb1 O-O 14. Qh5 f6
15. g4 Qb6 16. Rhf1 Bc6 17. Rf3 Rf7 18. Rh3 g6 19. Qh6 f5 20. gxf5 exf5 21. exf5
Nxf5 22. Qg5 d5 23. Re1 Qd8 24. Qg4 Qd7 25. Na2 Re8 26. Rxe8+ Qxe8 27. Nb4 Bb7
28. Bxf5 Rxf5 29. Nd3 d4 30. Bb4 Ba7 31. Bd6 Bd5 32. Be5 a5 33. Qg1 Qd7 34. Rg3
Bf7 35. Rg5 b4 36. Rxf5 Qxf5 37. axb4 Qe6 38. Qg5 Bb6 39. Qh6 1-0

[Event "39th Zurich Christmas"]
[Site "Zurich SUI"]
[Date "2015.12.29"]
[Round "6.12"]
[White "Habu, Yoshiharu"]
[Black "Balint, Vilmos"]
[Result "1-0"]
[WhiteTitle "FM"]
[WhiteElo "2398"]
[BlackElo "2268"]
[WhiteFideId "7000537"]
[BlackFideId "718050"]
[EventDate "2015.12.26"]

1. Nf3 Nf6 2. c4 e6 3. g3 a6 4. Nc3 d5 5. cxd5 exd5 6. d4 Bd6 7. Bg2 O-O 8. O-O
Re8 9. Ne5 c6 10. Bf4 Nh5 11. Bd2 Bxe5 12. dxe5 d4 13. Ne4 Rxe5 14. e3 Nf6 15.
Nxf6+ Qxf6 16. exd4 Re8 17. Bc3 Qd6 18. d5 c5 19. Qh5 Nd7 20. Rfe1 Rf8 21. Qg5
f6 22. Qe3 Nb6 23. Qe7 Nc4 24. b3 Qxe7 25. Rxe7 Nd6 26. Rae1 b6 27. Bd2 g5 28.
Rc7 Nb5 29. Rc6 Rb8 30. Re7 Bf5 31. b4 cxb4 32. Bxb4 a5 33. Bd2 Rf7 34. Rxf7
Kxf7 35. a4 Nd4 36. Rc7+ Kg8 37. Be3 Nc2 38. Bd2 b5 39. g4 Bd3 40. axb5 Rxb5 41.
h4 gxh4 42. d6 Nd4 43. d7 Ne6 44. Rc6 Rb1+ 45. Kh2 Bb5 46. Rxe6 Bxd7 47. Rd6 1-0

[Event "39th Zurich Christmas"]
[Site "Zurich SUI"]
[Date "2015.12.29"]
[Round "6.16"]
[White "Majer, Damir"]
[Black "Shvayger, Yuliya"]
[Result "1-0"]
[WhiteTitle "FM"]
[BlackTitle "WIM"]
[WhiteElo "2222"]
[BlackElo "2383"]
[WhiteFideId "4615689"]
[BlackFideId "14100126"]
[EventDate "2015.12.26"]

1. d4 Nf6 2. Nf3 g6 3. Bf4 Bg7 4. e3 d6 5. h3 O-O 6. Be2 Nfd7 7. c3 e5 8. Bh2
Nc6 9. a4 Qe7 10. Na3 e4 11. Nd2 f5 12. Qb3+ Kh8 13. g4 Nb6 14. gxf5 Bxf5 15.
Bg3 h5 16. h4 Qd7 17. O-O-O a6 18. Qc2 d5 19. Rdg1 Nd8 20. Bd1 Ne6 21. a5 Nc8
22. Qa4 Qd8 23. f3 b5 24. axb6 Nxb6 25. Qc6 Bh6 26. fxe4 dxe4 27. Nac4 Qe8 28.
Be5+ Kh7 29. Qxe8 Rfxe8 30. Rg3 Nxc4 31. Nxc4 Bg7 32. Rhg1 Re7 33. Bxg7 Rxg7 34.
Ne5 a5 35. d5 Nc5 36. Bxh5 Nd3+ 37. Nxd3 exd3 38. Bf3 Re8 39. Kd2 Rge7 40. e4
Bxe4 41. Bxe4 Rxe4 42. Kxd3 Rxh4 43. Rxg6 Re7 44. R1g4 Rh2 45. Rg2 Rh4 46. R6g4
Rh3+ 47. Kd4 a4 48. Kc5 a3 49. bxa3 Rxc3+ 50. Kb4 Rh3 51. a4 Rd7 52. Kc5 Rh6 53.
a5 c6 54. dxc6 Rc7 55. Rg6 Rxg6 56. Rxg6 Kxg6 57. Kb6 1-0

[Event "39th Zurich Christmas"]
[Site "Zurich SUI"]
[Date "2015.12.29"]
[Round "6.17"]
[White "Friedrich, Norbert"]
[Black "Fuchs, Judith"]
[Result "1/2-1/2"]
[WhiteTitle "FM"]
[BlackTitle "WIM"]
[WhiteElo "2192"]
[BlackElo "2324"]
[WhiteFideId "4602102"]
[BlackFideId "24605611"]
[EventDate "2015.12.26"]

1. e4 c5 2. Nf3 b6 3. c4 Bb7 4. Nc3 d6 5. d4 cxd4 6. Nxd4 Nf6 7. f3 e6 8. Be2
Be7 9. O-O O-O 10. Be3 a6 11. Qd2 Nbd7 12. Rac1 Rc8 13. Rc2 Qc7 14. Rb1 Qb8 15.
b4 Bd8 16. Kh1 Bc7 17. Bg1 Rfe8 18. Bf1 Qa8 19. Qc1 Qb8 20. Qd1 Qa8 21. Qc1 Qb8
22. Qd1 Qa8 1/2-1/2